000
00276nam a22001217a 4500
040
_c
SCME
100
_a
Callister,William
_9
54960
245
_a
Materials science and engineering
250
_a
10th ed.
260
_a
Canada
_b
Wiley
_c
2020
300
_a
834p.
942
_2
ddc
_c
BK
999
_c
608441
_d
608441